World economic outlook growth resuming, dangers remain
Gespeichert in:
| Format: | Buch |
|---|---|
| Sprache: | Englisch |
| Veröffentlicht: |
Washington, D.C.
International Monetary Fund
2012
|
| Schriftenreihe: | World economic and financial surveys
|
| Schlagworte: | |
| Tags: |
Keine Tags, Fügen Sie das erste Tag hinzu!
|
MARC
| LEADER | 00000nam a2200000 4500 | ||
|---|---|---|---|
| 001 | 0155331 | ||
| 005 | 20260105092249.1 | ||
| 020 | |a 978-1-61635-246-2 | ||
| 022 | |a 0256-6877 | ||
| 041 | 0 | |a eng | |
| 044 | |a US | ||
| 245 | 1 | 0 | |a World economic outlook |b growth resuming, dangers remain |
| 264 | 1 | |a Washington, D.C. |b International Monetary Fund |c 2012 | |
| 300 | |a 229 s. | ||
| 490 | 1 | |a World economic and financial surveys | |
| 830 | 0 | |a World economic and financial surveys | |
| 610 | 2 | 0 | |a politika hospodárska |
| 610 | 2 | 0 | |a rast hospodársky |
| 610 | 2 | 0 | |a prognózy hospodárske |
| 610 | 2 | 0 | |a vzťahy hospodárske medzinárodné |
| 610 | 2 | 0 | |a domácnosti |
| 610 | 2 | 0 | |a zadlženosť |